Ethics : (Record no. 9679)

MARC details
000 -LEADER
fixed length control field 00571nam a22001937a 4500
003 - CONTROL NUMBER IDENTIFIER
control field OSt
005 - DATE AND TIME OF LATEST TRANSACTION
control field 20260422052211.0
008 - FIXED-LENGTH DATA ELEMENTS--GENERAL INFORMATION
fixed length control field 260422b |||||||| |||| 00| 0 eng d
020 ## - INTERNATIONAL STANDARD BOOK NUMBER
International Standard Book Number 971-23-4386-3
040 ## - CATALOGING SOURCE
Original cataloging agency DWC-Main Lib.
Transcribing agency OC
082 ## - DEWEY DECIMAL CLASSIFICATION NUMBER
Classification number Fil. 170 B115e 2006
100 ## - MAIN ENTRY--PERSONAL NAME
Personal name Barbor, Eddie R.
245 ## - TITLE STATEMENT
Title Ethics :
Remainder of title the philosophical discipline of action Updated ed./
Statement of responsibility, etc. Eddie R. Barbor
250 ## - EDITION STATEMENT
Edition statement Updated ed.
260 ## - PUBLICATION, DISTRIBUTION, ETC.
Place of publication, distribution, etc. Manila :
Name of publisher, distributor, etc. Rex Book Store,
Date of publication, distribution, etc. c2006.
300 ## - PHYSICAL DESCRIPTION
Extent xvi, 326 p. ;
Dimensions 22 cm.
650 ## - SUBJECT ADDED ENTRY--TOPICAL TERM
Topical term or geographic name entry element 1. Ethics
942 ## - ADDED ENTRY ELEMENTS (KOHA)
Source of classification or shelving scheme Dewey Decimal Classification
Koha item type Book-Filipiniana
Classification part Fil.
Suppress in OPAC No
952 ## - LOCATION AND ITEM INFORMATION (KOHA)
--
952 ## - LOCATION AND ITEM INFORMATION (KOHA)
--
Holdings
Withdrawn status Lost status Source of classification or shelving scheme Damaged status Not for loan Home library Current library Shelving location Date acquired Source of acquisition Cost, normal purchase price Total Checkouts Full call number Barcode Date last seen Copy number Price effective from Koha item type Uniform Resource Identifier
    Dewey Decimal Classification     College Library College Library Filipiniana 08/28/2006 School Fund 300.00   Fil. 170 B115e 2006 CL43917 04/22/2026 c1 04/22/2026 BK - FIL
    Dewey Decimal Classification     College Library College Library Filipiniana 08/28/2006 School Fund 300.00   Fil. 170 B115e 2006 CL43918 04/22/2026 c2 04/22/2026 BK - FIL